| 000 | 01082cam a2200325 a 4500 | ||
|---|---|---|---|
| 001 | 1208305 | ||
| 003 | NUST | ||
| 005 | 20240610100751.0 | ||
| 008 | 980918s1997 sz a b i001 0 eng d | ||
| 010 | _a 98198975 | ||
| 020 | _a9221095169 | ||
| 035 | _a(OCoLC)37349598 | ||
| 040 |
_aDJB _cDJB _dUIU _dDLC |
||
| 042 | _alccopycat | ||
| 050 | 0 | 0 |
_aHD38 _b.N655 1997 |
| 082 |
_a658.408 _bNOR |
||
| 100 | 1 |
_aNorth, Klaus. _9123137 |
|
| 245 | 1 | 0 |
_aEnvironmental business management : _ban introduction / _cKlaus North. |
| 250 | _a2nd rev. ed. | ||
| 260 |
_aGeneva : _bInternational Labour Office, _c1997. |
||
| 300 |
_avii, 204 p. : _bill. ; _c24 cm. |
||
| 440 | 0 |
_aManagement development series, _x0074-6703 ; _vno. 30 _9123391 |
|
| 504 | _aIncludes bibliographical references (p. 167-172) and index. | ||
| 650 | 0 |
_aIndustrial management _xEnvironmental aspects. _96431 |
|
| 650 | 0 |
_aGreen movement. _9106551 |
|
| 650 | 0 | _aSustainable development. | |
| 906 |
_a7 _bcbc _ccopycat _d3 _encip _f19 _gy-gencatlg |
||
| 942 |
_2ddc _cBK |
||
| 999 |
_c346176 _d346176 |
||